000
00227nam a22000977a 4500
999
_c
15942
_d
15942
003
OSt
008
191024b ||||| |||| 00| 0 eng d
100
_a
Damodaran,Ponkunnam
_9
4418
245
_a
Adarsham thee choolayil
942
_c
BK